|
|
|
|
| LEADER |
02226njm a2200589 a 4500 |
| 001 |
000405090 |
| 003 |
CZ BrMZK |
| 005 |
20170330152905.0 |
| 008 |
980105s1998 xr f cze d |
| 028 |
0 |
3 |
|a 1 0446-2 331
|b Multisonic
|
| 040 |
|
|
|a BOA001
|b cze
|
| 080 |
|
|
|a 78.04"199":791.43(086.7)
|2 MRF
|
| 245 |
0 |
0 |
|a Pletky paní Operetky
|h [zvukový záznam] :
|b písničky z televizního seriálu.
|n 1
|
| 246 |
3 |
3 |
|a Něco se smí, něco ne
|
| 246 |
3 |
3 |
|a Tvůj bílý šátek
|
| 246 |
3 |
3 |
|a Ty jsi moje první láska
|
| 246 |
3 |
3 |
|a U svaté Ludmily
|
| 246 |
3 |
3 |
|a Usmívej se, usmívej
|
| 246 |
3 |
3 |
|a Venoušku, Venoušku
|
| 246 |
3 |
3 |
|a Válelo se jablíčko
|
| 246 |
3 |
3 |
|a Zahrejte tu moji
|
| 246 |
3 |
3 |
|a Bramborová placka
|
| 246 |
3 |
3 |
|a Dragouni, chlapci z ocele
|
| 246 |
3 |
3 |
|a Hola, heja, hou
|
| 246 |
3 |
3 |
|a Jevany, ach Jevany
|
| 246 |
3 |
3 |
|a Já mám devět kanárů
|
| 246 |
3 |
3 |
|a Když na sále spustí basa
|
| 246 |
3 |
3 |
|a Kuku, kuku
|
| 246 |
3 |
3 |
|a Maják
|
| 246 |
3 |
3 |
|a Markýza a bubeníček
|
| 246 |
3 |
3 |
|a Naše paní operetka
|
| 246 |
3 |
3 |
|a Nejhezčí na světě
|
| 246 |
3 |
3 |
|a Nezapomeň, že ty jsi jedinou
|
| 260 |
|
|
|a Praha :
|b Multisonic,
|c p1998
|
| 300 |
|
|
|a 1 CD ;
|c 12 cm +
|e složený list.
|
| 500 |
|
|
|a Nahr. neuv
|
| 500 |
|
|
|a Durata neuv
|
| 505 |
2 |
|
|a Naše paní operetka, Bramborová placka, Ty jsi moje první láska ... [et al.]
|
| 511 |
0 |
|
|a Jiřina Bohdalová, zpěv; Josef Bek, zpěv; Jana Paulová, zpěv ... [et al.]. Sbor Lubomíra Pánka; Orchestr Karla Vlacha
|
| 653 |
0 |
|
|a filmová hudba
|a filmové písně
|
| 700 |
1 |
|
|a Černá, Svatava
|7 xx0099179
|4 prf
|
| 700 |
1 |
|
|a Bek, Josef,
|d 1918-1995
|7 jk01011408
|4 prf
|
| 700 |
1 |
|
|a Bohdalová, Jiřina,
|d 1931-
|7 jn19981000297
|4 prf
|
| 700 |
1 |
|
|a Paulová, Jana,
|d 1955-
|7 jn20010601409
|4 prf
|
| 700 |
1 |
|
|a Preiss, Viktor,
|d 1947-
|7 jn19990218086
|4 prf
|
| 700 |
1 |
|
|a Sobota, Luděk,
|d 1943-
|7 jk01120244
|4 prf
|
| 710 |
2 |
|
|a Sbor Lubomíra Pánka
|7 ko2001100004
|4 prf
|
| 710 |
2 |
|
|a Orchestr Karla Vlacha
|7 kn20010710270
|4 prf
|
| 910 |
|
|
|a BOA001
|b CD-0007.056,1
|
| 964 |
|
|
|a Hudba filmová
|z stol.20.,léta 90.
|x CD
|
| 990 |
|
|
|a AV
|
| 996 |
6 |
|
|b 261H007520
|c CD-0007.056,1
|l MZK
|r Sklad / do 24 hodin
|n 0
|p p.v.
|w 000405090
|u 000010
|a 1
|e BOA001
|j MZK50
|s P
|